000 00348nam a2200169Ia 4500
100 _aChanna Venkatesh K
650 _aNetwork analysis
942 _cBK
366 _f25
654 _anetwork analyis
245 _aNetwork Analysis
260 _bCengage Learning
_c2017
082 _bCHA
300 _a801
546 _aENGLISH
999 _c21949
_d21949